000
00304nam a2200121Ia 4500
005
20251222152613.0
008
251222s9999||||xx |||||||||||||| ||spa||
082
_a
REF.498.54/K56
100
_a
Kindberg, Lee
245
0
_a
Diccionario Asháninca
264
_b
Intituto linguistico de verano
942
_c
LIB
999
_c
27052
_d
27052